| Tag |
First Indicator |
Second Indicator |
Subfields |
| LEADER |
00000cam a22000008a 4500 |
| 001 |
in00000014082 |
| 005 |
20151007052133.0 |
| 008 |
870918s1987 nyuaf 00010beng |
| 010 |
|
|
|a 87027326
|
| 020 |
|
|
|a 0312014511 :
|c $24.95 (est.)
|
| 035 |
|
|
|a (OCoLC)16871338
|
| 035 |
|
|
|9 AAA6432AM
|
| 040 |
|
|
|a DLC
|c DLC
|d TXA
|d UtOrBLW
|
| 049 |
|
|
|a TXAM
|c [A12607522]
|
| 050 |
|
4 |
|a PR4036
|b .H66 1987
|
| 082 |
0 |
|
|a 823/.7
|2 19
|
| 100 |
1 |
|
|a Honan, Park.
|
| 245 |
1 |
0 |
|a Jane Austen :
|b her life /
|c Park Honan.
|
| 263 |
|
|
|a 8802
|
| 264 |
|
1 |
|a New York :
|b St. Martin's Press,
|c 1987.
|
| 300 |
|
|
|a 452 pages 16 unnumbered pages of plates :
|b illustrations
|
| 336 |
|
|
|a text
|b txt
|2 rdacontent
|
| 337 |
|
|
|a unmediated
|b n
|2 rdamedia
|
| 338 |
|
|
|a volume
|b nc
|2 rdacarrier
|
| 500 |
|
|
|a A Thomas Dunne book.
|
| 504 |
|
|
|a Bibliography: pages 420-435.
|
| 500 |
|
|
|a Includes index.
|
| 600 |
1 |
0 |
|a Austen, Jane,
|d 1775-1817.
|
| 650 |
|
0 |
|a Novelists, English
|y 19th century
|v Biography.
|
| 999 |
|
|
|a MARS
|
| 999 |
f |
f |
|s 933b1da5-90fe-3c24-82b3-b53e46cf5c65
|i fd2443f5-4ee2-3b54-a9f7-2dcf91004b5e
|t 0
|
| 952 |
f |
f |
|p normal
|a Texas A&M University
|b College Station
|c Sterling C. Evans Library
|s Evans stk
|d Evans: Library Stacks
|t 0
|e PR4036 .H66 1987
|h Library of Congress classification
|i unmediated -- volume
|m A14812607522
|
| 998 |
f |
f |
|a PR4036 .H66 1987
|t 0
|l Evans: Library Stacks
|